000 00602nam a2200229Ia 4500
003 OSt
005 20221007074105.0
006 a|||||r|||| 00| 0
007 ta
008 221006b |||||||| |||| 00| 0 eng d
024 _a22,276
037 _cTextual
040 _aFLL
_cFLL
_beng
041 _2eng
_aeng
082 _aZ2,87qN85, M7
100 _aSaharay H. K.
245 0 _aAdministrative law and tribunal
260 _aLucknow
_bEastern Law House India
_c1987
300 _a418p
_ccm.
942 _hZ2,87qN85, M7
_cTEXL
_2CC
999 _c1151118
_d1151118